00824nam a22002417a 4500999001700000005001700017008004100034020001800075040000900093041000800102050002600110100002600136245010700162250001300269260005000282300002400332650003400356651005600390651005400446651006100500850000900561942001200570 c62741d6274120210325205134.0 s2011 eng d a9781742372631 aNALT aeng aDU 116.18 bF57A 20111 aFirth, Stewart92294510aAustralia in international politics : ban introduction to Australian foreign policy /cStewart Firth. a3rd ed.  aCrows Nest, N.S.W. : bAllen & Unwin, c2011. a356 p. ;b c23 cm. 0aSecurity, International98999 0922948a Australia xForeign relationsy21st century 0922949aAustralia xEconomic policy y21st century 0922951aAustralia xPolitics and governmenty21st century aNALT cGB2lcc